000 00909nam a2200301Ia 4500
001 dia_3402
003 CHAP
005 20230313123504.0
008 220117s1971 xx 000 0 und d
010 _a173867
020 _a968-451-071-3
040 _cCHAP
082 _a519.1 L57 1971
100 _aLipschutz, Seymour
_967039
245 _aTeoría y problemas de probabilidad /
_c Seymour Lipschutz ; traducción Alfredo Ferro Duque
260 _aMéxico :
_b McGraw-Hill,
_c1971
300 _a151 p.
440 _aCompendios Schaum
_926089
500 _aTítulo original: Probability
503 _aC/e
590 _aQA273 L57 1971
650 _aProbabilidad
_xProblemas, ejercicios, etc.
_9154621
700 _aFerro Duque, Alfredo, tr.
_9154622
901 _a519.1 L57 1971
902 _aM
905 _a5212271971 MX X 8222123322SPA16
942 _cLIBRO
_2ddc
999 _c173867
_d173867